[Event "Bad Bevensen Seniors op 4th"]
[Site "Bad Bevensen"]
[Date "2001.06.24"]
[Round "9"]
[White "Kies, Werner"]
[Black "Grassmehl, Gerhard"]
[Result "1-0"]
[WhiteElo "2000"]
[BlackElo "2057"]
[PlyCount "53"]
[EventDate "2001.06.??"]
[EventType "swiss"]
[EventRounds "9"]
[EventCountry "GER"]
[SourceTitle "EXT 2006"]
[Source "ChessBase"]
[SourceDate "2005.11.24"]
[SourceVersion "1"]
[SourceVersionDate "2005.11.24"]
[SourceQuality "1"]

1. e4 e5 2. Bc4 Nf6 3. d3 c6 4. Bg5 Bc5 5. Nf3 Qb6 6. 0-0 Ng4 7. Qe2 Qxb2 8. Nbd2 Bxf2+ 9. Kh1 Bb6 10. h3 Nf6 11. Bb3 d5 12. exd5 Nh5 13. Kh2 cxd5 14. Rab1 Qc3 15. Bxd5 Be6 16. Bxe6 fxe6 17. Ne4 Qc7 18. g3 Nd7 19. c4 0-0 20. Be7 Rf7 21. Bd6 Qc6 22. Nxe5 Nxe5 23. Bxe5 Nf6 24. Nxf6+ gxf6 25. Bxf6 Qc5 26. d4 Qf8 27. Qg4+ 1-0

[Event "Bad Bevensen Seniors op 4th"]
[Site "Bad Bevensen"]
[Date "2001.06.23"]
[Round "8"]
[White "Grassmehl, Gerhard"]
[Black "Ljubarskij, Jurij"]
[Result "1/2-1/2"]
[WhiteElo "2057"]
[BlackElo "2358"]
[PlyCount "116"]
[EventDate "2001.06.??"]
[EventType "swiss"]
[EventRounds "9"]
[EventCountry "GER"]
[SourceTitle "EXT 2006"]
[Source "ChessBase"]
[SourceDate "2005.11.24"]
[SourceVersion "1"]
[SourceVersionDate "2005.11.24"]
[SourceQuality "1"]

1. e4 e5 2. Nf3 Nc6 3. Bb5 a6 4. Ba4 Nf6 5. 0-0 Be7 6. Re1 b5 7. Bb3 0-0 8. c3 d5 9. exd5 Nxd5 10. Nxe5 Nxe5 11. Rxe5 c6 12. Bxd5 cxd5 13. d4 Bd6 14. Re3 Qh4 15. h3 Bf5 16. Nd2 Rae8 17. Nf1 Re6 18. Qf3 Be4 19. Qg4 Qe7 20. Re1 Rg6 21. Rxe4 dxe4 22. Qf5 Re6 23. a4 g6 24. Qd5 Qd7 25. Qb3 f5 26. axb5 axb5 27. Ra7 Qe8 28. Ra6 Qd7 29. Bf4 Kg7 30. Be5+ Kh6 31. Qd5 Rd8 32. g4 Kg5 33. gxf5 gxf5 34. h4+ Kxh4 35. Bg3+ Kg5 36. Ne3 Rg6 37. Bxd6 Rxd6 38. Rxd6 Qxd6 39. Qxf5+ Kh6 40. Qh3+ Kg6 41. Qf5+ Kg7 42. Qxb5 Qg6+ 43. Kf1 Rf8 44. Qe5+ Kg8 45. Nd5 Qa6+ 46. Kg2 Qb7 47. Qxe4 Qxb2 48. Ne7+ Kg7 49. Qe5+ Rf6 50. Nf5+ Kg6 51. Nh4+ Kf7 52. Qc7+ Kg8 53. Qd8+ Rf8 54. Qg5+ Kf7 55. Qd5+ Kf6 56. Qe5+ Kf7 57. Qd5+ Kf6 58. Qe5+ Kf7 1/2-1/2

[Event "Bad Bevensen Seniors op 4th"]
[Site "Bad Bevensen"]
[Date "2001.06.18"]
[Round "3"]
[White "Fleischer, Ernst"]
[Black "Grassmehl, Gerhard"]
[Result "0-1"]
[WhiteElo "1809"]
[BlackElo "2057"]
[PlyCount "104"]
[EventDate "2001.06.??"]
[EventType "swiss"]
[EventRounds "9"]
[EventCountry "GER"]
[SourceTitle "EXT 2006"]
[Source "ChessBase"]
[SourceDate "2005.11.24"]
[SourceVersion "1"]
[SourceVersionDate "2005.11.24"]
[SourceQuality "1"]

1. e4 e5 2. Bc4 Nf6 3. d4 exd4 4. Nf3 Nc6 5. Nxd4 Nxe4 6. Nxc6 bxc6 7. Qe2 Qe7 8. 0-0 Nd6 9. Qxe7+ Bxe7 10. Bd3 0-0 11. Bd2 Rb8 12. Bc3 Nb5 13. Bxb5 cxb5 14. b3 Rb6 15. Re1 Re6 16. Nd2 Bb7 17. Bb2 Re8 18. Rxe6 fxe6 19. Bd4 c5 20. Be3 d5 21. f3 d4 22. Bf2 Bg5 23. Nf1 e5 24. Ng3 e4 25. fxe4 Bxe4 26. Re1 Bg6 27. Rxe8+ Bxe8 28. b4 cxb4 29. Bxd4 Bg6 30. c3 a5 31. cxb4 axb4 32. Bc5 Bd2 33. Nf1 Bc3 34. Ne3 Bf7 35. Nc2 Bxa2 36. Nxb4 Bc4 37. Kf2 Kf7 38. h4 Ke6 39. g4 Ke5 40. Ke3 g6 41. Bf8 Bd4+ 42. Kf3 Bd5+ 43. Nxd5 Kxd5 44. Kf4 Bc5 45. Bg7 b4 46. Kf3 Bd4 47. Bh6 b3 48. Bc1 b2 49. Bxb2 Bxb2 50. h5 g5 51. Ke3 Bc1+ 52. Kf3 Ke5 0-1